[Event "IECG Q3.2000.0.00090"]
[Site "IECG email"]
[Date "2000.10.19"]
[Round "?"]
[White "Schott, Thomas E"]
[Black "Parry, Justin"]
[Result "1-0"]
[WhiteElo "1168"]
[BlackElo "1000"]
[PlyCount "39"]
[EventDate "2000.10.19"]
[EventType "tourn (corr)"]
[EventRounds "6"]
[SourceTitle "Corr 2008"]
[Source "ChessBase"]
[SourceDate "2008.06.24"]
[SourceVersion "1"]
[SourceVersionDate "2008.06.24"]
[SourceQuality "1"]

1. d4 Nf6 2. c4 e5 3. dxe5 Ng4 4. Bf4 Nc6 5. Nf3 Bb4+ 6. Nbd2 Qe7 7. e3 Ngxe5 8. Nxe5 Nxe5 9. a3 Bxd2+ 10. Qxd2 d6 11. Bxe5 dxe5 12. Be2 b6 13. Bf3 e4 14. Qd5 Rb8 15. Qxe4 Bb7 16. Qxe7+ Kxe7 17. Ke2 Rhd8 18. Bxb7 Rxb7 19. Rhd1 Rxd1 20. Rxd1 1-0

[Event "IECG C3.2000.0.00158"]
[Site "IECG email"]
[Date "2000.10.02"]
[Round "?"]
[White "Parry, Justin"]
[Black "Bopp, Thomas"]
[Result "0-1"]
[WhiteElo "1000"]
[BlackElo "1197"]
[PlyCount "42"]
[EventDate "2000.10.02"]
[EventType "tourn (corr)"]
[EventRounds "6"]
[SourceTitle "Corr 2008"]
[Source "ChessBase"]
[SourceDate "2008.06.24"]
[SourceVersion "1"]
[SourceVersionDate "2008.06.24"]
[SourceQuality "1"]

1. d4 Nf6 2. c4 e6 3. g3 c5 4. Bg2 cxd4 5. Qxd4 Nc6 6. Bxc6 bxc6 7. c5 Qe7 8. b4 e5 9. Qd1 a5 10. Qa4 Nd5 11. Bd2 e4 12. Nc3 e3 13. fxe3 Nxb4 14. Nf3 Qxc5 15. 0-0 Be7 16. a3 Nd5 17. Nxd5 Qxd5 18. Qd4 Qe6 19. e4 f6 20. Bc3 a4 21. e5 0-0 0-1

[Event "IECG C3.2000.0.00158"]
[Site "IECG email"]
[Date "2000.10.02"]
[Round "?"]
[White "Pedersen, Jan"]
[Black "Parry, Justin"]
[Result "1-0"]
[WhiteElo "1103"]
[BlackElo "1000"]
[PlyCount "31"]
[EventDate "2000.10.02"]
[EventType "tourn (corr)"]
[EventRounds "6"]
[SourceTitle "Corr 2008"]
[Source "ChessBase"]
[SourceDate "2008.06.24"]
[SourceVersion "1"]
[SourceVersionDate "2008.06.24"]
[SourceQuality "1"]

1. e4 e6 2. d4 d5 3. Nc3 Nf6 4. Bg5 Be7 5. e5 Nfd7 6. Bxe7 Qxe7 7. Qd2 a6 8. f4 Nc6 9. Nf3 0-0 10. Be2 f6 11. h3 fxe5 12. fxe5 Nb6 13. 0-0 Bd7 14. Rad1 Qb4 15. b3 Rae8 16. Bd3 1-0